Communicating throngh the in-house publication
| Format: | Book |
|---|---|
| Published: |
Singapura :
National Productivity Boad ,
1993
|
| Subjects: |
MARC
| LEADER | 00000cam a2200000 7i4500 | ||
|---|---|---|---|
| 001 | 0000004671 | ||
| 002 | 000005039 | ||
| 005 | 20000330.0 | ||
| 020 | |a 9971003473 | ||
| 090 | 0 | 0 | |a 070.594 |b COM |
| 245 | 0 | 0 | |a Communicating throngh the in-house publication |
| 260 | |a Singapura : |b National Productivity Boad , |c 1993 | ||
| 300 | |a 61 p. ; |c 19 cm. | ||
| 650 | 0 | 0 | |a In house publication |
| 999 | |a 032696 |b BUKU |c PINJAMAN |e PERPUSTAKAAN KOMUNITI PETALING JAYA | ||
| 999 | |a 032697 |b BUKU |c PINJAMAN |e PERPUSTAKAAN KOMUNITI PETALING JAYA | ||